Countries with C in Their Name - Statistics

General Stats
  • This quiz has been taken 3,672 times
    3,591 since last reset
  • The average score is 32 of 39
Answer Stats
Continent Country % Correct
North America Canada
98%
Asia China
96%
South America Chile
95%
South America Colombia
94%
North America Cuba
93%
Africa Chad
92%
Asia Cambodia
91%
Europe Croatia
91%
Africa Cameroon
90%
Africa Democratic Republic of the Congo
90%
North America Costa Rica
89%
Europe Czechia (Czech Republic)
89%
Africa Republic of the Congo
87%
Africa Comoros
86%
South America Ecuador
86%
Africa Central African Republic
85%
North America Dominica
85%
Europe France
84%
North America Dominican Republic
83%
Europe Iceland
83%
Africa Morocco
82%
Africa Cape Verde (Cabo Verde)
81%
Asia Cyprus
81%
North America Mexico
81%
North America Nicaragua
81%
Europe Vatican City
80%
Europe Greece
79%
North America Saint Lucia
79%
Europe Monaco
78%
Europe North Macedonia
78%
North America Jamaica
77%
North America Saint Vincent and the Grenadines
77%
Africa Ivory Coast (Côte d'Ivoire)
75%
Europe Liechtenstein
75%
Oceania Federated States of Micronesia
73%
Africa South Africa
73%
Africa Seychelles
70%
Africa Madagascar
69%
Africa São Tomé and Príncipe
52%
No matching quizzes found
Score Distribution
Percent of People with Each Score
Percentile by Number Answered
Your Score History
You have not taken this quiz since the last reset